Normal view
MARC view
- McHugh Jimmy
Entry Personal Name
001 - CONTROL NUMBER
- control field: 31077
003 - CONTROL NUMBER IDENTIFIER
- control field: IT-RoPau
005 - DATE AND TIME OF LATEST TRANSACTION
- control field: 20140621172918.0
008 - FIXED-LENGTH DATA ELEMENTS
- fixed length control field: 140621|| aca||aabn | a|a d
040 ## - CATALOGING SOURCE
- Original cataloging agency: IT-RoPau
- Transcribing agency: IT-RoPau
100 ## - HEADING--PERSONAL NAME
- Personal name: McHugh Jimmy
- Relator term: Autore musica
- Miscellaneous information: Codice autore musica SPICS: 16297
- Name of part/section of a work: On the Sunny Side of the Street - I Can't Give You Anything But Love
670 ## - SOURCE DATA FOUND
- Source citation: Work cat.: (IT-RoPau)99173: AA.VV. 794, Big Joe Turner. Gigante del blues